000 nam a22 a 4500
999 _c4628
_d4628
005 20170607150945.0
008 170607s2014 ii ||||| |||| 00| 0 eng d
020 _a9789550204014
_cSumbangan Sri Lanka Customs
040 _aAKMAL
082 _a346.048 NEA
090 _a346.048
_bNEA
100 _aSri Lanka Customs Museum
_98909
245 _aNearly Lost
_cSri lanka Customs Museum
260 _aSri Lanka
_bSri lanka Customs Museum
_c2014
300 _a135p
_c26cm
599 _aDALAM PROSES
650 _aMuseum
_98910
942 _2ddc
_cBOOK